La banca al pais valenciá / (Record no. 133040)

MARC details
000 -LEADER
campo de control de longitud fija 00545nam a2200181 4500
001 - NÚMERO DE CONTROL
campo de control 133040
003 - IDENTIFICADOR DE NÚMERO DE CONTROL
campo de control ES-MaACL
005 - FECHA Y HORA DE LA ÚLTIMA TRANSACCIÓN
campo de control 20230906194318.0
007 - CAMPO FIJO DE DESCRIPCIÓN FÍSICA--INFORMACIÓN GENERAL
campo de control de longitud fija t|
008 - DATOS DE LONGITUD FIJA--INFORMACIÓN GENERAL
campo de control de longitud fija 070214s1973 sp r ||||1| cat d
100 1# - ENTRADA PRINCIPAL--NOMBRE DE PERSONA
Nombre de persona Rosselló i Verger, Vicenç M.
9 (RLIN) 99846
245 13 - MENCIÓN DEL TÍTULO
Título La banca al pais valenciá /
Mención de responsabilidad, etc. Vicenç M. Rosselló i Verger, Emerit Bono Martínez.
250 ## - MENCION DE EDICION
Mención de edición 1ª. ed.
260 ## - PUBLICACIÓN, DISTRIBUCIÓN, ETC.
Lugar de publicación, distribución, etc. Valencia :
Nombre del editor, distribuidor, etc. L'Estel,
Fecha de publicación, distribución, etc. 1973.
300 ## - DESCRIPCIÓN FÍSICA
Extensión 181 p. ;
Dimensiones 18 cm.
700 1# - ENTRADA AGREGADA--NOMBRE PERSONAL
Nombre de persona Bono Martínez, Emerit.
9 (RLIN) 30291
852 ## - LOCALIZACIÓN
Ubicación ES-MaACL
Número de control de estantería C-55834
Sublocalización o colección R.88649
Holdings
Estatus retirado Estado de pérdida Estado de daño No para préstamo Biblioteca de origen Biblioteca actual Ubicación en estantería Fecha de adquisición Fuente de adquisición Total de préstamos Signatura topográfica completa Código de barras Visto por última vez Precio de reemplazo Tipo de ítem Koha
        Biblioteca del Ateneo de Madrid Biblioteca del Ateneo de Madrid Depósito 2 17/01/2008     C-55834 1138504 23/02/2023 23/02/2023 Libro impreso